000 00593nam a2200205 i 4500
001 92953
003 ES-MaACL
005 20250710062726.0
007 t|
008 050406s1958 fr ||||1| fre d
100 1 _aLo Duca, Giuseppe Maria.
_972983
245 1 0 _aHistoire du cinéma /
_cpar Josph Marie Lo Duca.
250 _a9ª éd.(1895-1958).
260 _aParis :
_bPresses Universitairies de France,
_c1958.
300 _a134 p. ;
_c18 cm.
490 1 _aQue sais-je? ;
_v81
830 0 0 _aQue sais-je?
_v81
_9180931
852 _aES-MaACL
_jC-15976
_bR.43404
999 _c92953
_d92953